Conferencias de : (Registro nro. 12710)
[ vista simple ]
| 000 -LEADER | |
|---|---|
| fixed length control field | 01027nam a2200265Ia 4500 |
| 003 - CONTROL NUMBER IDENTIFIER | |
| control field | OSt |
| 005 - DATE AND TIME OF LATEST TRANSACTION | |
| control field | 20211110094320.0 |
| 008 - FIXED-LENGTH DATA ELEMENTS--GENERAL INFORMATION | |
| fixed length control field | 210310s1960 ck gr 000 0 spa d |
| 040 ## - CATALOGING SOURCE | |
| Original cataloging agency | CO-JMCR |
| Transcribing agency | CO-JMCR |
| 041 0# - LANGUAGE CODE | |
| Language code of text/sound track or separate title | spa |
| 082 04 - DEWEY DECIMAL CLASSIFICATION NUMBER | |
| Classification number | 336.861 / |
| Item number | H117c |
| Edition number | 23 |
| 110 2# - MAIN ENTRY--CORPORATE NAME | |
| Corporate name or jurisdiction name as entry element | Colegio Mayor de Nuestra Señora del Rosario |
| 9 (RLIN) | 41459 |
| 245 10 - TITLE STATEMENT | |
| Title | Conferencias de : |
| Remainder of title | Hacienda Pública / |
| Statement of responsibility, etc. | Colegio Mayor de Nuestra Señora del Rosario, Arcesio Londoño Palacio |
| 250 ## - EDITION STATEMENT | |
| Edition statement | 1ª. edición. |
| 260 ## - PUBLICATION, DISTRIBUTION, ETC. | |
| Date of publication, distribution, etc. | 1960. |
| Place of publication, distribution, etc. | Bogotá : |
| Name of publisher, distributor, etc. | Ediciones Rosarisatas, |
| 300 ## - PHYSICAL DESCRIPTION | |
| Extent | 301 páginas ; |
| Dimensions | 22 cm. |
| 490 0# - SERIES STATEMENT | |
| Series statement | Colección, |
| -- | Ediciones Rosaristas |
| 500 0# - GENERAL NOTE | |
| General note | (Edición privada) |
| 505 0# - FORMATTED CONTENTS NOTE | |
| Formatted contents note | El presupuesto del estado. -- El régimen presupuestal en Colombia. --El régimen presupuestal en Colombia. |
| 650 14 - SUBJECT ADDED ENTRY--TOPICAL TERM | |
| Topical term or geographic name entry element | Régimen presupuestal |
| Geographic subdivision | Colombia |
| 9 (RLIN) | 6918 |
| 650 24 - SUBJECT ADDED ENTRY--TOPICAL TERM | |
| Topical term or geographic name entry element | Presupuesto |
| Geographic subdivision | Colombia |
| 9 (RLIN) | 9328 |
| 650 24 - SUBJECT ADDED ENTRY--TOPICAL TERM | |
| Topical term or geographic name entry element | Presupuesto |
| General subdivision | Conferencia |
| Geographic subdivision | Colombia |
| 9 (RLIN) | 41460 |
| 700 1# - ADDED ENTRY--PERSONAL NAME | |
| Personal name | Londoño Palacio, Arcesio, |
| Relator term | Coautor |
| 9 (RLIN) | 41461 |
| 942 ## - ADDED ENTRY ELEMENTS (KOHA) | |
| Source of classification or shelving scheme | Dewey Decimal Classification |
| Koha item type | Books |
| Withdrawn status | Lost status | Source of classification or shelving scheme | Damaged status | Not for loan | Home library | Current library | Shelving location | Date acquired | Source of acquisition | Full call number | Barcode | Date last seen | Copy number | Price effective from | Koha item type |
|---|---|---|---|---|---|---|---|---|---|---|---|---|---|---|---|
| Dewey Decimal Classification | Biblioteca Pública José María del Castillo y Rada | Biblioteca Pública José María del Castillo y Rada | General Stacks | 04/15/2018 | Donación | 336.861 / H117c | 430004734 | 05/16/2024 | Ej.1 | 03/10/2021 | Books |